000 00505nam a2200205Ia 4500
003 OSt
005 20250917122002.0
008 250729s2006 xx 000 0 und d
020 _a978-8171413683
040 _cAL
041 _aeng
082 _a371.333 SINB
100 _aSingh U K
_9222585
245 _aBroadcasting education
260 _aNew Delhi
_bDiscovery Publishing House
_c2006
300 _a207p
650 _aEducation
_9222586
700 _aSudarshan K N
_9222587
942 _2ddc
_cBED
999 _c235531
_d235531